000 01262cam a2200349 i 4500
001 10418
003 Mx-PuUPA
005 20220222085220.0
008 140415s1988 sp a gre 001 0 spa d
017 _aM. 8.888-1961
020 _a842395223
_qtomo 22
040 _aMx-PuUPA
_bspa
_cMx-PuUPA
_dMx-PuUPA
_erda
041 0 _aspa
100 1 _aCamón Aznar, José
_912087
_d1898-1979
_eautor
245 1 0 _aPintura medieval española /
_cpor José Camón Aznar
250 _aQuinta edición
264 1 _aMadrid :
_bEspasa-Calpe,
_c1988
_c©1966
300 _a716 páginas, xxx hojas :
_bilustraciones, láminas (algunas a color) ;
_c28 cm
336 _2rdacontent
_atexto
_btxt
336 _2rdacontent
_aimagen fija
_bsti
337 _2rdamedia
_asin medio
_bn
338 _2rdacarrier
_avolumen
_bnc
490 1 _aSumma artis, historia general del arte ;
_v22
650 7 _aArte
_xHistoria
_2armarc
655 7 _2armarc
_aEnciclopedias
785 0 0 _aPijoán, José,
_bCuarta edición
_dEspasa-Calpe, 1986
_tArte europeo de los siglos XIX y XX
_w(Mx-PuUPA) 10417
_z8423952231
830 0 _912114
_aSumma artis, historia general del arte
_v22
942 _2ddc
_cLI
_h709
_iS955
999 _c10418
_d10418